All Pierce County, WA Towns - Statistics

General Stats
  • This quiz has been taken 9 times
  • The average score is 27 of 72
Answer Stats
Population Answer % Correct
22,487 Bonney Lake
100%
1,578 Clear Lake
100%
39 Elbe
100%
10,999 Fife
100%
12,029 Gig Harbor
100%
63,612 Lakewood
100%
1,837 North Puyallup
100%
9,041 Orting
100%
38,623 Parkland
100%
42,973 Puyallup
100%
64,708 South Hill
100%
35,476 Spanaway
100%
2,087 Stansberry Lake
100%
6,727 Steilacoom
100%
219,346 Tacoma
100%
34,866 University Place
100%
212 Alder
50%
303 Ashford
50%
5,114 Buckley
50%
734 Carbonado
50%
2,845 Eatonville
50%
12,327 Edgewood
50%
7,156 Fircrest
50%
14,052 Fort Lewis
50%
24,906 Frederickson
50%
32,658 Graham
50%
372 Kapowsin
50%
12,962 Lake Tapps
50%
8,697 Milton
50%
5,978 North Fort Lewis
50%
816 Roy
50%
1,055 Ruston
50%
373 South Prairie
50%
8,270 Summit
50%
10,621 Sumner
50%
5,784 Tehaleh
50%
8,189 Waller
50%
499 Wilkeson
50%
3,274 Alderton
0%
1,302 Anderson Island
0%
13,641 Artondale
0%
1,263 Browns Point
0%
3,572 Canterwood
0%
7,161 Clover Creek
0%
1,450 Crocker
0%
963 Dash Point
0%
10,151 DuPont
0%
14,534 Elk Plain
0%
1,882 Fife Heights
0%
3,921 Fox Island
0%
95 Greenwater
0%
150 Herron Island
0%
1,543 Home
0%
20 Ketron Island
0%
3,863 Key Center
0%
121 La Grande
0%
4,141 Longbranch
0%
5,469 Maplewood
0%
3,188 McChord AFB
0%
678 McKenna
0%
1,624 McMillin
0%
9,962 Midland
0%
4,561 Prairie Heights
0%
12,288 Prairie Ridge
0%
1,668 Purdy
0%
490 Raft Island
0%
4,357 Rosedale
0%
2,519 South Creek
0%
9,758 Summit View
0%
565 Vaughn
0%
4,421 Wauna
0%
6,769 Wollochet
0%
No matching quizzes found
Score Distribution
Percent of People with Each Score
Percentile by Number Answered
Your Score History
You have not taken this quiz